The man who saw tomorrow : (Record no. 24370)
[ view plain ]
| 000 -LEADER | |
|---|---|
| fixed length control field | 00787nam a22002175i 4500 |
| 020 ## - INTERNATIONAL STANDARD BOOK NUMBER | |
| ISBN | 9789370033450 |
| 041 ## - LANGUAGE CODE | |
| Language code of text/sound track or separate title | English |
| 082 ## - DEWEY DECIMAL CLASSIFICATION NUMBER | |
| Classification number | 378.54 |
| Item number | RAM |
| 100 ## - MAIN ENTRY--AUTHOR NAME | |
| Author name | Ram, Pattabhi |
| 245 04 - TITLE STATEMENT | |
| Title | The man who saw tomorrow : |
| Sub Title | the untold story of N.J. Yasaswy, the founder of ICFAI / |
| Statement of responsibility, etc | Pattabhi Ram, Sudhakar Rao. |
| 260 ## - PUBLICATION, DISTRIBUTION, ETC. (IMPRINT) | |
| Place of publication | New Delhi : |
| Name of publisher | Rupa Publication, |
| Year of publication | 2025 . |
| 300 ## - PHYSICAL DESCRIPTION | |
| Number of Pages | xxiii, 231 pages ; |
| Dimensions | 22 cm. |
| 504 ## - BIBLIOGRAPHY, ETC. NOTE | |
| Bibliography, etc | Include index. |
| 505 ## - FORMATTED CONTENTS NOTE | |
| Formatted contents note | I. Finding his feet -- II. Building big -- III. Trial by fire -- IV. Republic of learning -- V. Walking together -- VI. The man -- VII. Final days |
| 600 ## - SUBJECT ADDED ENTRY--PERSONAL NAME | |
| Personal name | Yasaswy, N. J. |
| 650 ## - SUBJECT ADDED ENTRY--TOPICAL TERM | |
| Subject | Higher education |
| Geographic subdivision | India |
| 650 ## - SUBJECT ADDED ENTRY--TOPICAL TERM | |
| Subject | Management education |
| Geographic subdivision | India. |
| 700 ## - ADDED ENTRY--PERSONAL NAME | |
| Author 2/ Editor | Rao, Sudhakar |
| 942 ## - ADDED ENTRY ELEMENTS (KOHA) | |
| Source of classification or shelving scheme | Dewey Decimal Classification |
| Koha item type | Books |
| Withdrawn status | Lost status | Source of classification or shelving scheme | Damaged status | Not for loan | Home library | Current library | Shelving location | Date acquired | Source of acquisition | Cost, normal purchase price | Bill Date | Full call number | Accession Number | Price effective from | Koha item type |
|---|---|---|---|---|---|---|---|---|---|---|---|---|---|---|---|
| Dewey Decimal Classification | Institute of Public Enterprise, Library | Institute of Public Enterprise, Library | S Campus | 07/01/2026 | Feel Books Pvt | 595.00 | 20-04-2026 | 378.54 RAM | 51066 | 07/01/2026 | Books |

2cqr automation private limited, Chennai. All Rights Reserved.